[Event "Natal Potiguar op"]
[Site "Natal"]
[Date "2013.07.05"]
[Round "2"]
[White "Maia, Jose Simplicio"]
[Black "Silveira Filho, Neri da Silva"]
[Result "0-1"]
[WhiteElo "1970"]
[BlackElo "2227"]
[PlyCount "82"]
[EventDate "2013.07.05"]
[EventType "swiss"]
[EventRounds "6"]
[EventCountry "BRA"]
[SourceTitle "EXT 2014"]
[Source "ChessBase"]
[SourceDate "2013.11.20"]
[SourceVersion "1"]
[SourceVersionDate "2013.11.20"]
[SourceQuality "1"]

1. e4 g6 2. Nf3 Bg7 3. Be2 c5 4. 0-0 Nf6 5. Nc3 0-0 6. d3 Nc6 7. Re1 d6 8. h3 a6 9. Be3 h6 10. Qd2 Kh7 11. Rad1 b5 12. a4 b4 13. Nb1 Bb7 14. Qc1 e5 15. Nbd2 Rc8 16. Nc4 Nd4 17. Nxd4 cxd4 18. Bd2 a5 19. b3 Ba6 20. Bf1 Qc7 21. Kh1 d5 22. exd5 Nxd5 23. Kg1 f5 24. Be2 Rce8 25. Bf3 Nf6 26. Be2 Bb7 27. Bf1 Nh5 28. Be2 Nf6 29. Bf1 Nd5 30. Re2 Rf7 31. f4 e4 32. dxe4 fxe4 33. Ne5 e3 34. Nxf7 Qxf7 35. Bxe3 Nxe3 36. Rxe3 Rxe3 37. Qd2 Qxf4 38. Qf2 Qxf2+ 39. Kxf2 Be4 40. Rd2 Rc3 41. Bd3 Bxd3 0-1